[Event "15th London Classic Open"]
[Site "London ENG"]
[Date "2025.11.27"]
[Round "1.22"]
[White "Grieve, Harry"]
[Black "Li, Harry"]
[Result "1-0"]
[WhiteTitle "IM"]
[WhiteElo "2491"]
[BlackElo "2206"]
[WhiteFideId "426520"]
[BlackFideId "430145"]
[EventDate "2025.11.27"]

1. e4 e5 2. Nf3 Nc6 3. Bc4 Nf6 4. d3 Bc5 5. c3 d6 6. Bg5 h6 7. Bh4 a5 8. Nbd2
Ba7 9. O-O g5 10. Bg3 O-O 11. Re1 Nh7 12. h3 h5 13. d4 h4 14. Bh2 g4 15. hxg4
Bxg4 16. Be2 Qf6 17. Nc4 Rae8 18. Ne3 Bxf3 19. Bxf3 exd4 20. Nd5 Qd8 21. Bg4
dxc3 22. bxc3 Ne7 23. Rb1 Nxd5 24. Qxd5 Qf6 25. Bf5 Bc5 26. Qxb7 Qxc3 27. Rf1
Ng5 28. Kh1 h3 29. e5 Rb8 30. Qc6 hxg2+ 31. Kxg2 Rxb1 32. Rxb1 Qd4 33. Bg3 Kg7
34. f4 Qd2+ 35. Kf1 Ne6 36. Qf3 Rh8 37. Qg4+ Kf8 38. Rb8+ Ke7 39. Rxh8 Qc1+ 40.
Kg2 Qg1+ 41. Kh3 Qf1+ 42. Kh4 Qh1+ 43. Qh3 1-0

[Event "15th London Classic Open"]
[Site "London ENG"]
[Date "2025.11.27"]
[Round "1.23"]
[White "Badrinath, S."]
[Black "Wadsworth, Matthew J"]
[Result "0-1"]
[WhiteTitle "CM"]
[BlackTitle "GM"]
[WhiteElo "2200"]
[BlackElo "2487"]
[WhiteFideId "5029961"]
[BlackFideId "415804"]
[EventDate "2025.11.27"]

1. e4 c6 2. d4 d5 3. e5 Bf5 4. h4 a6 5. g4 Bd7 6. c4 dxc4 7. Bxc4 e6 8. Nc3 Ne7
9. Nge2 Nd5 10. Bg5 Qb6 11. Qb3 Qxb3 12. Bxb3 a5 13. a4 Na6 14. h5 h6 15. Bh4
Nab4 16. O-O g5 17. hxg6 fxg6 18. Ne4 g5 19. Bg3 Be7 20. Nd6+ Bxd6 21. exd6
O-O-O 22. Be5 Rh7 23. Ng3 Rf8 24. Rad1 Be8 25. Ne4 b6 26. Bc4 Bg6 27. Nc3 Rhf7
28. Rd2 Kd7 29. Nxd5 Nxd5 30. Re1 h5 31. gxh5 Bxh5 32. Bxd5 exd5 33. Bh2 Bf3 34.
Re7+ Rxe7 35. dxe7 Kxe7 36. Rd3 Kd7 37. Kf1 c5 38. Be5 g4 39. Ke1 Rf5 40. Bg3
Rh5 41. Kd2 Rh1 42. dxc5 bxc5 43. Rc3 Kc6 44. Rc1 Rh7 45. Be5 Re7 46. Bd4 Re2+
47. Kd3 c4+ 48. Kc3 Be4 49. Ba7 Bd3 50. Bd4 Kd6 51. Bb6 Ke5 52. b3 Ke4 53. bxc4
dxc4 54. Bxa5 Rxf2 55. Bb6 Ra2 56. a5 g3 57. Re1+ Kd5 58. Re3 Bf5 59. Kb4 Bd7
60. Ra3 Rb2+ 61. Kc3 Rb1 62. Be3 g2 63. a6 Bc6 64. a7 Ba8 65. Ra5+ Ke4 66. Bc5
Rc1+ 67. Kb2 Rf1 68. Ra1 c3+ 0-1

[Event "15th London Classic Open"]
[Site "London ENG"]
[Date "2025.11.27"]
[Round "1.24"]
[White "Bazakutsa, Svyatoslav"]
[Black "Laurent, Julien G."]
[Result "1-0"]
[WhiteTitle "IM"]
[BlackTitle "FM"]
[WhiteElo "2478"]
[BlackElo "2189"]
[WhiteFideId "14198525"]
[BlackFideId "618500"]
[EventDate "2025.11.27"]

1. d4 d6 2. Nf3 Bg4 3. g3 Bxf3 4. exf3 Nf6 5. Bg2 c6 6. f4 e6 7. O-O g6 8. c4 d5
9. b3 Nbd7 10. Nd2 Be7 11. Nf3 a5 12. a4 O-O 13. Ne5 c5 14. Bb2 Rc8 15. cxd5
Nxd5 16. Bxd5 exd5 17. dxc5 Nxc5 18. Ng4 f6 19. Ne3 Rc6 20. Qxd5+ Qxd5 21. Nxd5
Bd8 22. Ba3 Re8 23. Bxc5 Rxc5 24. Rfd1 b5 25. axb5 Rxb5 26. Rd3 f5 27. Rc1 Rb7
28. Rc6 Kf7 29. Ne3 Ra7 30. h4 Bf6 31. Nc4 Re1+ 32. Kg2 a4 33. bxa4 Rxa4 34. h5
gxh5 35. Ne3 Ra5 36. Rd7+ 1-0

[Event "15th London Classic Open"]
[Site "London ENG"]
[Date "2025.11.27"]
[Round "1.25"]
[White "Fellowes, Billy"]
[Black "Willow, Jonah B"]
[Result "1/2-1/2"]
[WhiteTitle "CM"]
[BlackTitle "IM"]
[WhiteElo "2184"]
[BlackElo "2472"]
[WhiteFideId "483540"]
[BlackFideId "438804"]
[EventDate "2025.11.27"]

1. e4 c5 2. Nf3 d6 3. Bb5+ Nc6 4. O-O Bd7 5. Re1 Nf6 6. Bxc6 Bxc6 7. d4 Bxe4 8.
Bg5 Bc6 9. Nc3 cxd4 10. Nxd4 e6 11. Ncb5 Bxb5 12. Nxb5 Qd7 13. Bxf6 Qxb5 14. Bc3
h5 15. a4 Qc6 16. Re3 Be7 17. Rg3 Bf6 18. Ra3 h4 19. Rg4 Ke7 20. h3 Rac8 21.
Bxf6+ gxf6 22. Rc3 Qd7 23. Rxc8 Qxc8 24. c3 f5 25. Rb4 b6 26. Qd4 e5 27. Qe3 Kf6
28. Qf3 f4 29. Rb5 Rg8 30. Rd5 Ke7 31. b3 Qf5 32. c4 Rg6 33. a5 Kf8 34. axb6
axb6 35. Kh2 Qb1 36. Rd1 Qc2 37. Re1 Kg7 38. Kh1 Qf5 39. Kh2 Re6 40. Qd5 Qc2 41.
Qf3 Qf5 42. Qd5 Qg6 43. Re4 f5 44. Re1 e4 45. Qb7+ Kh6 46. Qxb6 Qf6 47. Kh1 Kg6
48. Qb8 e3 49. Qg8+ Kh6 50. Re2 Re4 51. Kh2 Re7 52. Qa8 Qe5 53. Qf3 Kg5 54. b4
Qd4 55. Qd5 Qxd5 56. cxd5 Re4 57. Kg1 Kf6 58. b5 Ke7 59. Kf1 Kd7 60. b6 Re5 61.
b7 Kc7 62. Rb2 Kb8 63. Rb5 1/2-1/2

[Event "15th London Classic Open"]
[Site "London ENG"]
[Date "2025.11.27"]
[Round "1.26"]
[White "Gordon, Stephen J"]
[Black "Harley, Andrew D"]
[Result "1-0"]
[WhiteTitle "GM"]
[BlackTitle "FM"]
[WhiteElo "2465"]
[BlackElo "2182"]
[WhiteFideId "411477"]
[BlackFideId "401390"]
[EventDate "2025.11.27"]

1. d4 e6 2. c4 Nf6 3. Nf3 b6 4. g3 Ba6 5. b3 Bb4+ 6. Bd2 Be7 7. Bg2 c6 8. O-O d5
9. Ne5 O-O 10. Bc3 Nfd7 11. Nxd7 Nxd7 12. Nd2 Rb8 13. Re1 b5 14. c5 b4 15. Bb2
e5 16. a3 Bc8 17. axb4 Rxb4 18. Bc3 Rb7 19. Ba5 Qe8 20. e4 dxe4 21. Nxe4 f5 22.
Nc3 e4 23. f3 Nxc5 24. dxc5 Bxc5+ 25. Kh1 e3 26. f4 Qe6 27. Na4 Be7 28. Rb1 Rb5
29. Bd2 Rd8 30. Rxe3 Qxe3 31. Bxe3 Rxd1+ 32. Rxd1 Rxb3 33. Bxa7 Ra3 34. Bxc6 Be6
35. Bc5 Rxa4 36. Bxe7 Rc4 37. Bd5 Bxd5+ 38. Rxd5 Kf7 39. Bc5 g6 40. Kg2 Rc2+ 41.
Bf2 Ke6 42. Re5+ Kf6 43. Rc5 Ra2 44. Rc6+ Kg7 45. Rc7+ Kh6 46. h3 1-0

[Event "15th London Classic Open"]
[Site "London ENG"]
[Date "2025.11.27"]
[Round "1.27"]
[White "Kapechun, Mikhailo"]
[Black "Greenfeld, Alon"]
[Result "0-1"]
[BlackTitle "GM"]
[WhiteElo "2174"]
[BlackElo "2465"]
[WhiteFideId "34147527"]
[BlackFideId "2800039"]
[EventDate "2025.11.27"]

1. e4 c5 2. Nf3 d6 3. d4 cxd4 4. Nxd4 Nf6 5. Nc3 Nc6 6. Bg5 e6 7. Qd2 Be7 8.
O-O-O a6 9. Bxf6 gxf6 10. f4 Nxd4 11. Qxd4 Qa5 12. Kb1 Bd7 13. Be2 Qc5 14. Qd2
O-O-O 15. Bf3 Kb8 16. Rhe1 Rc8 17. f5 h5 18. h4 Rc7 19. Ne2 Bf8 20. Nd4 Qb6 21.
fxe6 fxe6 22. Qd3 Be7 23. g4 Rhc8 24. Qb3 Qa5 25. c3 e5 26. Nf5 Ba4 27. Rd5 b5
28. Qa3 Rxc3 29. bxc3 Rxc3 30. Qb2 Rc2 31. Qxc2 Bxc2+ 32. Kxc2 Qxe1 33. Kd3 Qb1+
34. Ke3 Qg1+ 35. Ke2 hxg4 36. Nxe7 Qh2+ 0-1

[Event "15th London Classic Open"]
[Site "London ENG"]
[Date "2025.11.27"]
[Round "1.28"]
[White "Magold, Filip"]
[Black "Roe, Simon J"]
[Result "1-0"]
[WhiteTitle "IM"]
[WhiteElo "2465"]
[BlackElo "2172"]
[WhiteFideId "1254456"]
[BlackFideId "401471"]
[EventDate "2025.11.27"]

1. e4 e5 2. Nf3 Nc6 3. Bb5 a6 4. Ba4 Nf6 5. O-O Be7 6. Re1 b5 7. Bb3 d6 8. c3
O-O 9. h3 Nd7 10. d4 Bf6 11. a4 Bb7 12. d5 Ne7 13. Bc2 Qb8 14. Nbd2 c6 15. dxc6
Bxc6 16. Nf1 Nc5 17. Ng3 g6 18. Bh6 Nxa4 19. Bxf8 Kxf8 20. Qd2 Nxb2 21. Qh6+ Bg7
22. Qxh7 Ng8 23. Nf1 Nc4 24. Ne3 Nf6 25. Qh4 Nxe3 26. Rxe3 d5 27. Ng5 Nxe4 28.
Rxe4 dxe4 29. Nxf7 Kxf7 30. Bb3+ Ke8 31. Qh7 Qc7 32. Rd1 Ra7 33. Qg8+ Bf8 34.
Qxg6+ 1-0

[Event "15th London Classic Open"]
[Site "London ENG"]
[Date "2025.11.27"]
[Round "1.29"]
[White "O'cuilleanain, Oisin"]
[Black "Czopor, Maciej"]
[Result "0-1"]
[BlackTitle "IM"]
[WhiteElo "2170"]
[BlackElo "2463"]
[WhiteFideId "2514249"]
[BlackFideId "21805431"]
[EventDate "2025.11.27"]

1. e4 c5 2. Nf3 Nc6 3. Bb5 e6 4. O-O Nge7 5. Re1 b6 6. c3 a6 7. Ba4 c4 8. d4
cxd3 9. Qxd3 Bb7 10. c4 Ng6 11. Nc3 Bc5 12. a3 Nge5 13. Nxe5 Nxe5 14. Qg3 Qf6
15. Rd1 h5 16. b4 h4 17. Qf4 Be7 18. Qxf6 Bxf6 19. f4 Nxc4 20. e5 Nxe5 21. fxe5
Bxe5 22. Bb2 b5 23. Bb3 Rh5 24. Rd2 Rc8 25. Nd1 Ke7 26. Bxe5 Rxe5 27. Nf2 Rc3
28. Rad1 Bc6 29. Rd3 Rxd3 30. Nxd3 Re2 31. Ne1 Re3 32. Nd3 Re2 33. Ne1 Rb2 34.
Rd3 g5 35. Bd1 Be4 36. Re3 f5 37. Bf3 d5 38. Kf1 Kd6 39. Rc3 g4 40. Be2 Ra2 41.
g3 h3 42. Nd3 d4 43. Rc8 Bxd3 44. Bxd3 Rxh2 45. Ra8 Rh1+ 46. Kf2 h2 47. Rh8 Rd1
48. Bf1 Rd2+ 49. Ke1 Ra2 0-1

[Event "15th London Classic Open"]
[Site "London ENG"]
[Date "2025.11.27"]
[Round "1.30"]
[White "Gasanov, Eldar"]
[Black "Deepak Ambattu, Rithvik"]
[Result "1-0"]
[WhiteTitle "GM"]
[BlackTitle "CM"]
[WhiteElo "2447"]
[BlackElo "2168"]
[WhiteFideId "14104466"]
[BlackFideId "2410060"]
[EventDate "2025.11.27"]

1. e4 e5 2. Nc3 Nf6 3. g3 d5 4. exd5 Nxd5 5. Bg2 Nxc3 6. bxc3 Bc5 7. Nf3 Nc6 8.
O-O O-O 9. Re1 Qf6 10. d3 Bg4 11. h3 Bh5 12. g4 Bg6 13. Bg5 Qd6 14. Nh4 h6 15.
Be3 Bxe3 16. Rxe3 Qc5 17. Qe1 Rae8 18. d4 Qd6 19. f4 Bxc2 20. fxe5 Qd8 21. Qf2
Bh7 22. Nf5 Ne7 23. Bxb7 Nxf5 24. gxf5 Qg5+ 25. Rg3 Qxf5 26. Qg2 Bg6 27. Rf1 Qc2
28. Rf2 Qb1+ 29. Kh2 Kh8 30. Bc6 Re6 31. Bd5 Rfe8 32. Bxe6 Rxe6 33. Rb2 Qe1 34.
Qf2 Qc1 35. Qd2 Qf1 36. Rg1 Qf3 37. Rg3 Qf1 38. Qf2 Qc1 39. Qg2 Qe1 40. Qe2 Qc1
41. d5 Re8 42. Rb7 Qf4 43. Qe3 Qc4 44. Qd4 Qe2+ 45. Rg2 Qf3 46. e6 c5 47. Qe5 1-0

[Event "15th London Classic Open"]
[Site "London ENG"]
[Date "2025.11.27"]
[Round "1.31"]
[White "Xian, Junhao"]
[Black "Roberson, Peter T"]
[Result "0-1"]
[BlackTitle "IM"]
[WhiteElo "2166"]
[BlackElo "2447"]
[WhiteFideId "8607621"]
[BlackFideId "412384"]
[EventDate "2025.11.27"]

1. d4 Nf6 2. c4 e6 3. Nf3 d5 4. Bg5 dxc4 5. e4 b5 6. a4 c6 7. Nc3 Qb6 8. Be2
Nbd7 9. d5 Nc5 10. a5 Qc7 11. Bxf6 gxf6 12. O-O a6 13. dxe6 Bxe6 14. Nh4 Nb3 15.
Nf5 Nxa1 16. Qxa1 O-O-O 17. Rc1 Bc5 18. b3 Qf4 19. Bf3 Rhg8 20. Ng3 Rd2 21. Nd1
Qe5 22. bxc4 Qxa1 23. Rxa1 Bxc4 24. Nf5 Rgd8 25. Rc1 Kb7 26. Nde3 Bxe3 27. Nxe3
Be2 28. Bxe2 Rxe2 29. g3 Rdd2 30. Rf1 b4 31. Kg2 Rxe3 0-1

[Event "15th London Classic Open"]
[Site "London ENG"]
[Date "2025.11.27"]
[Round "1.32"]
[White "Aizenberg, Benny"]
[Black "Carroll, Peter"]
[Result "1-0"]
[WhiteTitle "IM"]
[BlackTitle "FM"]
[WhiteElo "2444"]
[BlackElo "2165"]
[WhiteFideId "2821125"]
[BlackFideId "2510243"]
[EventDate "2025.11.27"]

1. e4 c5 2. Nf3 Nc6 3. d4 cxd4 4. Nxd4 Nf6 5. Nc3 e5 6. Ndb5 d6 7. Nd5 Nxd5 8.
exd5 Ne7 9. c4 Ng6 10. Qa4 Bd7 11. Qb4 Qb8 12. h4 h5 13. Bg5 Be7 14. g3 f5 15.
Be2 a6 16. Nc3 e4 17. a4 Ne5 18. a5 Bxg5 19. hxg5 g6 20. Qb6 Ke7 21. Nd1 Qa7 22.
Ne3 Qxb6 23. axb6 a5 24. Kd2 Nf7 25. Ra3 Nxg5 26. Rha1 a4 27. b4 h4 28. gxh4
Rxh4 29. c5 Rc8 30. Rc1 Rhh8 31. c6 bxc6 32. b7 Rc7 33. Rxa4 Rb8 34. Ra6 Rbxb7
35. dxc6 Rxc6 36. Raxc6 Bxc6 37. Rxc6 Kd7 38. Rc4 Ke6 39. Kc3 Ke5 40. Rd4 Nf7
41. b5 Rc7+ 42. Bc4 Ng5 43. b6 1-0

[Event "15th London Classic Open"]
[Site "London ENG"]
[Date "2025.11.27"]
[Round "1.33"]
[White "Gurevich, Artjom"]
[Black "Tica, Sven"]
[Result "0-1"]
[BlackTitle "IM"]
[WhiteElo "2163"]
[BlackElo "2441"]
[WhiteFideId "2603870"]
[BlackFideId "14526948"]
[EventDate "2025.11.27"]

1. d4 d5 2. Nf3 e6 3. c4 a6 4. Nbd2 dxc4 5. Nxc4 b5 6. Nce5 Bb7 7. a4 Nd7 8. e3
Ngf6 9. Bd2 b4 10. Qb3 Nxe5 11. Nxe5 Ne4 12. a5 Nxd2 13. Qa4+ c6 14. Kxd2 Rc8
15. Rc1 Bd6 16. Nd3 O-O 17. Nc5 Ba8 18. Bxa6 Rb8 19. Ke2 Bc7 20. Rhd1 Qg5 21.
Kf1 Rfd8 22. Be2 Bxh2 23. g3 h5 24. Kg2 Bxg3 25. fxg3 h4 26. g4 Qxe3 27. Bf3
Rxd4 28. Rxd4 Qxc1 29. Nb3 Qe1 30. Nd2 c5 31. Bxa8 cxd4 32. Nb3 0-1

[Event "15th London Classic Open"]
[Site "London ENG"]
[Date "2025.11.27"]
[Round "1.34"]
[White "Kovchan, Alexander"]
[Black "Yoon, Jacob D"]
[Result "1-0"]
[WhiteTitle "GM"]
[BlackTitle "CM"]
[WhiteElo "2440"]
[BlackElo "2160"]
[WhiteFideId "14103052"]
[BlackFideId "446076"]
[EventDate "2025.11.27"]

1. e4 c6 2. d4 d5 3. e5 c5 4. dxc5 e6 5. Bd3 Nc6 6. Nf3 Bxc5 7. O-O Nge7 8. Nbd2
Ng6 9. Nb3 Bb6 10. Bg5 Qc7 11. Bxg6 fxg6 12. Re1 O-O 13. Be3 Ne7 14. Bxb6 Qxb6
15. Qd4 Qc7 16. c3 Nf5 17. Qd2 h6 18. Nbd4 g5 19. Nxf5 Rxf5 20. Qe3 Bd7 21. Nd4
Rf4 22. f3 Rff8 23. a4 Qb6 24. a5 Qa6 25. Qe2 Qxe2 26. Rxe2 Kf7 27. Ree1 Ke7 28.
Ra3 Rfc8 29. Kf2 Rc4 30. Rb3 Rb8 31. Ra1 Ba4 32. Rba3 Bd7 33. Ke3 Rbc8 34. Rb3
Rb8 35. g3 Ra4 36. Rxa4 Bxa4 37. Rb4 Bd7 38. c4 dxc4 39. Rxc4 Kd8 40. f4 gxf4+
41. gxf4 g6 42. Rc2 Ke7 43. h4 h5 44. b4 a6 45. Rc1 Ke8 46. Kd3 Ke7 47. Rc5 Ke8
48. Rc1 Ke7 49. Ke3 Ke8 50. Rg1 Kf7 51. Nf3 b6 52. Rd1 Ke7 53. Rd6 bxa5 54. bxa5
Rb3+ 55. Kf2 Rb2+ 56. Kg3 Bb5 57. Nd4 Bc4 58. Rc6 Bd5 59. Rxa6 Rg2+ 60. Kh3 Rd2
61. Nc6+ Bxc6 62. Rxc6 Rd3+ 63. Kg2 Ra3 64. a6 Kd7 65. Rd6+ Ke7 66. Kf2 Ra2+ 67.
Ke3 Ra3+ 68. Kd4 Ra4+ 69. Kc5 Rxf4 70. a7 Ra4 71. Kb6 Ra1 72. Kb7 1-0

[Event "15th London Classic Open"]
[Site "London ENG"]
[Date "2025.11.27"]
[Round "1.35"]
[White "Vortmeier, Jan"]
[Black "Harvey, Marcus R"]
[Result "0-1"]
[BlackTitle "IM"]
[WhiteElo "2152"]
[BlackElo "2438"]
[WhiteFideId "16261321"]
[BlackFideId "400092"]
[EventDate "2025.11.27"]

1. Nf3 b6 2. g3 Bb7 3. Bg2 g6 4. O-O Bg7 5. d4 Nf6 6. c4 O-O 7. Nbd2 d6 8. b3
Nfd7 9. Bb2 Nc6 10. Rb1 e5 11. d5 Ne7 12. b4 a5 13. a3 axb4 14. axb4 b5 15. e4
bxc4 16. b5 h6 17. Nxc4 f5 18. Nh4 Bf6 19. Nxg6 Nxg6 20. exf5 Ne7 21. Ne3 Bg7
22. g4 Nc5 23. Bc1 Nc8 24. Bf3 Nb6 25. Rb4 Ra4 26. Rxa4 Nbxa4 27. Qc2 Re8 28.
Be4 Nxe4 29. Qxe4 Nc5 30. Qc4 e4 31. Ng2 Nd3 32. f4 exf3 33. Ne3 Nxc1 34. Rxf3
Qg5 0-1

[Event "15th London Classic Open"]
[Site "London ENG"]
[Date "2025.11.27"]
[Round "1.36"]
[White "Siva, Mahadevan"]
[Black "Kanyamarala, Trisha"]
[Result "1/2-1/2"]
[WhiteTitle "IM"]
[BlackTitle "WIM"]
[WhiteElo "2424"]
[BlackElo "2149"]
[WhiteFideId "25043153"]
[BlackFideId "45004722"]
[EventDate "2025.11.27"]

1. e4 c5 2. Nf3 e6 3. d4 cxd4 4. Nxd4 Nc6 5. g3 Nxd4 6. Qxd4 Ne7 7. Be3 Nc6 8.
Qd2 Qf6 9. Nc3 Bb4 10. f4 d5 11. e5 Qd8 12. Bg2 O-O 13. a3 Be7 14. Ne2 f6 15.
exf6 Bxf6 16. O-O-O Na5 17. b3 Qc7 18. Kb1 Bd7 19. Bd4 Rac8 20. Rhe1 Nc6 21.
Bxf6 Rxf6 22. g4 Ne7 23. f5 exf5 24. Nf4 Bc6 25. g5 Rd6 26. Qd4 Ng6 27. Nxd5
Bxd5 28. Bxd5+ Kh8 29. c4 Qd8 30. h4 Ne7 31. Qe5 Nxd5 32. Rxd5 Rxd5 33. cxd5 Qd7
34. h5 Kg8 35. g6 hxg6 36. hxg6 Rd8 37. Qh2 Qxd5 38. Qh3 Kf8 39. Qh8+ Qg8 40.
Qh3 Qd5 41. Qh8+ Qg8 42. Qh3 1/2-1/2

[Event "15th London Classic Open"]
[Site "London ENG"]
[Date "2025.11.27"]
[Round "1.37"]
[White "Smith, Andrew Philip"]
[Black "Wang, Hao(ZJ)"]
[Result "0-1"]
[WhiteTitle "FM"]
[BlackTitle "IM"]
[WhiteElo "2145"]
[BlackElo "2424"]
[WhiteFideId "2500833"]
[BlackFideId "8631859"]
[EventDate "2025.11.27"]

1. e4 e5 2. d4 exd4 3. Qxd4 Nc6 4. Qe3 Nf6 5. Nc3 Bb4 6. Bd2 O-O 7. O-O-O Re8 8.
Bc4 Ne5 9. Bb3 a5 10. a4 b5 11. Nge2 bxa4 12. Bxa4 Ba6 13. Ng3 Nc4 14. Qf3 Nb6
15. Bb3 a4 16. Ba2 Bc4 17. Kb1 Bxa2+ 18. Kxa2 Qe7 19. Rhe1 Qe6+ 20. Ka1 Nc4 21.
Bg5 Ng4 22. Nf5 a3 23. b3 Nce5 24. Qg3 Bxc3+ 25. Qxc3 Nxf2 26. Rd4 f6 27. Bh4
Nxe4 28. Nh6+ gxh6 29. Rdxe4 d6 30. Rf1 f5 31. Re3 Qf7 32. Rg3+ Ng6 33. Bf6 Qe6
34. h4 f4 35. Rgf3 h5 36. Ka2 Rf8 37. Bg7 Rf7 38. Re1 Qg4 39. Bh6 Nxh4 40. Qc6
Raf8 41. Bxf8 Kxf8 42. Qe8+ Kg7 43. Re7 Rxe7 44. Qxe7+ Kg6 45. Rc3 Nf5 46. Qe6+
Kg5 47. Rxc7 Qd1 48. Qg8+ Kh4 49. Rc3 Ne3 50. Qd8+ Kg4 51. Qd7+ Kg3 52. Qh3+ Kf2
53. Qh4+ Kg1 54. Qxf4 Nxc2 55. Rxc2 Qxc2+ 56. Kxa3 Qc5+ 57. Ka4 Qe5 58. Qf3 h4
59. b4 d5 60. Qd1+ Kh2 61. b5 d4 62. b6 Qe4 63. Qb3 d3+ 64. Ka3 d2 65. b7 Qe7+
66. Ka2 Qxb7 67. Qxb7 d1=Q 68. Qe4 Qd2+ 69. Kb3 Qf2 70. Ka4 h6 71. Ka5 Qg3 72.
Ka6 h5 73. Ka5 Qg5+ 74. Ka6 Qf6+ 75. Ka5 Kg3 76. Qd5 Qa1+ 77. Kb6 Qb2+ 78. Ka5
Qe2 79. Qg5+ Qg4 80. Qd5 Kf4 81. Kb6 Qg6+ 82. Ka7 Qf5 83. Qf3+ Kg5 84. Qe3+ Qf4
85. Qe7+ Kg6 86. Qe6+ Kg7 87. Qe2 Kf8 88. Qxh5 Qf7+ 89. Qxf7+ Kxf7 90. Kb6 Kf6
91. Kc6 Kg5 92. Kd5 Kf4 0-1

[Event "15th London Classic Open"]
[Site "London ENG"]
[Date "2025.11.27"]
[Round "1.38"]
[White "Schmider, Niklas"]
[Black "Manmay Chopra"]
[Result "0-1"]
[WhiteTitle "IM"]
[BlackTitle "CM"]
[WhiteElo "2423"]
[BlackElo "2142"]
[WhiteFideId "12993778"]
[BlackFideId "25649191"]
[EventDate "2025.11.27"]

1. Nf3 Nf6 2. b3 g6 3. Bb2 Bg7 4. g3 b6 5. Bg2 Bb7 6. O-O O-O 7. c4 d6 8. d4 e6
9. Nc3 Ne4 10. Qc2 Nxc3 11. Bxc3 f5 12. d5 Bxc3 13. Qxc3 e5 14. b4 Nd7 15. Rac1
Qf6 16. Nd2 a5 17. a3 e4 18. Qxf6 Nxf6 19. Nb3 axb4 20. axb4 Ra4 21. b5 Nd7 22.
Rc3 Ne5 23. Rfc1 Rfa8 24. f3 exf3 25. exf3 Kf7 26. Nd4 Bc8 27. f4 Ng4 28. Ne6
R8a7 29. Ng5+ Kg8 30. h3 Nf6 31. Kh2 h6 32. Nf3 Ra3 33. R3c2 Ra2 34. Nd4 Bd7 35.
Bf3 Kf7 36. Kg2 R7a3 37. Kf2 Rxc2+ 38. Rxc2 Rd3 39. Ne2 Ra3 40. Nc3 Bc8 41. Ke3
Nd7 42. Kf2 Nc5 43. Nd1 h5 44. Ne3 Nd3+ 45. Ke2 h4 46. Ng2 hxg3 47. h4 Kf6 48.
Rd2 Nc5 49. Rb2 Nb3 50. Ke1 Nc5 51. Ke2 Nb3 52. Ke1 Na5 53. Ke2 Nxc4 54. Rc2 Bd7 0-1

[Event "15th London Classic Open"]
[Site "London ENG"]
[Date "2025.11.27"]
[Round "1.39"]
[White "Mesropyan, Hayk"]
[Black "Brunner, Nicolas"]
[Result "1/2-1/2"]
[BlackTitle "IM"]
[WhiteElo "2136"]
[BlackElo "2420"]
[WhiteFideId "499455"]
[BlackFideId "620246"]
[EventDate "2025.11.27"]

1. e4 c5 2. Nf3 d6 3. Bb5+ Nc6 4. O-O Bd7 5. Re1 Nf6 6. d4 cxd4 7. Nxd4 e6 8. c4
a6 9. Nxc6 bxc6 10. Ba4 Qc7 11. Bf4 e5 12. Bg3 Be7 13. c5 dxc5 14. Nd2 Be6 15.
Bxe5 Qb6 16. Qc2 O-O 17. Rac1 Nd7 18. Bg3 a5 19. f4 f6 20. Nc4 Qa6 21. b3 Rfd8
22. e5 f5 23. Nd6 g6 24. Bf2 Rab8 25. Bxc5 Nxc5 26. Qxc5 Qb6 27. Qxb6 Rxb6 28.
Rxc6 Rxc6 29. Bxc6 Kf8 30. Rd1 Rb8 31. Bd5 Bd7 32. a4 Bd8 33. Rc1 Bb6+ 34. Kf1
Ke7 35. Ke2 Ba7 36. Nf7 Rc8 37. Rxc8 Bxc8 38. Ng5 h6 39. Nf7 Bb7 40. Bxb7 Kxf7
41. h3 Bc5 42. g4 h5 43. Bc8 fxg4 44. hxg4 hxg4 45. Bxg4 Bb4 46. Kd3 Ke7 47. Ke4
Bd2 48. Be2 Bc3 49. Bc4 Kf8 50. Kd3 Be1 51. Kd4 Bd2 52. Ke4 Bc3 53. Kd5 Bd2 54.
Ke6 Kg7 55. Kd7 Bb4 56. Bd3 Ba3 57. e6 Kf6 58. Bxg6 Bb4 59. Be4 Ba3 60. Bd5 Bb4
61. Kc6 Ba3 62. Kb5 1/2-1/2

[Event "15th London Classic Open"]
[Site "London ENG"]
[Date "2025.11.27"]
[Round "1.40"]
[White "Kanov, Nikola"]
[Black "Farberov, Maxim"]
[Result "0-1"]
[WhiteTitle "IM"]
[WhiteElo "2418"]
[BlackElo "2133"]
[WhiteFideId "2928531"]
[BlackFideId "2070944"]
[EventDate "2025.11.27"]

1. e4 c5 2. Nf3 Nc6 3. d4 cxd4 4. Nxd4 e5 5. Nb5 d6 6. c4 g6 7. N1c3 a6 8. Na3
Be6 9. Nc2 Bg7 10. Be2 Rc8 11. O-O Nf6 12. Be3 O-O 13. Qd2 Ne7 14. Na3 Nc6 15.
f3 Nd4 16. Bd3 Nh5 17. Ne2 Nxe2+ 18. Bxe2 Nf4 19. Rfd1 Nxe2+ 20. Qxe2 Bf6 21.
Rac1 Qe7 22. Nb1 Bg5 23. b3 Bxe3+ 24. Qxe3 b5 25. cxb5 axb5 26. Nc3 b4 27. Nb5
Rxc1 28. Rxc1 d5 29. exd5 Bxd5 30. Qc5 Qg5 31. Rf1 Rd8 32. Kh1 Qd2 33. h3 e4 34.
fxe4 Qe2 35. Rf2 Qxe4 36. Kg1 Qe1+ 37. Rf1 Qg3 38. Qc2 Be6 39. Qc7 Qe3+ 40. Kh2
Rd2 41. Qg3 Qxg3+ 42. Kxg3 Rxa2 43. Nd4 Rd2 44. Nxe6 fxe6 45. Rf3 Kg7 46. Kh2 e5
47. Kg3 Rc2 48. Rf1 Rc3+ 49. Kg4 Rxb3 50. Rd1 h5+ 51. Kh4 e4 52. Rd4 e3 53. Re4
Kf6 54. g4 g5+ 55. Kg3 e2+ 56. Kg2 Rb2 57. Kf2 h4 58. Re8 b3 59. Rb8 Ke5 60.
Rb5+ Kd4 61. Rxg5 Rb1 62. Kxe2 b2 63. Rb5 Rh1 64. Rxb2 Rh2+ 65. Kf3 Rxb2 66. g5
Ke5 67. Kg4 Rg2+ 68. Kh5 Kf5 69. Kxh4 Rg1 0-1

[Event "15th London Classic Open"]
[Site "London ENG"]
[Date "2025.11.27"]
[Round "1.41"]
[White "Willmoth, Robert F"]
[Black "Tulchynskyi, Feliks"]
[Result "0-1"]
[WhiteTitle "CM"]
[BlackTitle "IM"]
[WhiteElo "2130"]
[BlackElo "2409"]
[WhiteFideId "402540"]
[BlackFideId "34127895"]
[EventDate "2025.11.27"]

1. Nf3 d5 2. e3 c5 3. c4 d4 4. b4 Nf6 5. exd4 cxd4 6. Bb2 Bg4 7. Qa4+ Bd7 8. Qd1
e5 9. Nxe5 Bxb4 10. Be2 O-O 11. O-O Bf5 12. Bd3 Bxd3 13. Nxd3 Bd6 14. Na3 Nc6
15. c5 Bb8 16. Qf3 Nd7 17. Nc4 Qg5 18. g3 Bc7 19. h4 Qg6 20. Rfe1 Rae8 21. Rab1
Re6 22. Rbc1 Rf6 23. Qe4 Bxg3 24. Qxg6 Rxg6 25. h5 Rg5 26. h6 Nxc5 27. Nxc5 Bd6+
28. Kf1 Bxc5 29. hxg7 Rd8 30. Rb1 b5 31. Na3 a6 32. Nc2 Kxg7 33. Rec1 Ne5 34.
Ne1 Nc4 35. Rd1 Rf5 36. Ng2 Kf8 37. Kg1 Ne5 0-1